Расчет влияния системы наклонных трещин на сейсмическое поле; Интерэкспо Гео-Сибирь; Т. 2, № 2
| Parent link: | Интерэкспо Гео-Сибирь/ Сибирская государственная геодезическая академия (СГГА).— , 2005- Т. 2, № 2.— 2014.— [С. 177-180] |
|---|---|
| 1. Verfasser: | |
| Körperschaft: | |
| Weitere Verfasser: | |
| Zusammenfassung: | Заглавие с экрана В работе предложена методика построения модели среды с системой наклонных трещин и проведения расчетов прямых задач сейсморазведки для такой среды. Система плоскопараллельных трещин имеет регулируемые угол наклона и флюидонасыщенность. Приводится пример построения временного разреза для модели с водонасыщенными трещинами. Сравниваются спектры падающего и проходящего сигналов. In work the technique of creation of model of the environment with system of inclined cracks and carrying out calculations of direct problems of seismic exploration for such environment is offered. The system of plane-parallel cracks has an adjustable tilt angle and a saturated. The example of creation of a temporary section for model with water-saturated cracks is given. Spectra of incident wave and refracted wave are compared. Режим доступа: по договору с организацией-держателем ресурса |
| Sprache: | Russisch |
| Veröffentlicht: |
2014
|
| Schlagworte: | |
| Online-Zugang: | http://elibrary.ru/item.asp?id=21701456 |
| Format: | MixedMaterials Elektronisch Buchkapitel |
| KOHA link: | https://koha.lib.tpu.ru/cgi-bin/koha/opac-detail.pl?biblionumber=638788 |
MARC
| LEADER | 00000naa0a2200000 4500 | ||
|---|---|---|---|
| 001 | 638788 | ||
| 005 | 20250207153151.0 | ||
| 035 | |a (RuTPU)RU\TPU\network\3180 | ||
| 090 | |a 638788 | ||
| 100 | |a 20150212d2014 k||y0rusy50 ca | ||
| 101 | 0 | |a rus | |
| 102 | |a RU | ||
| 135 | |a drcn ---uucaa | ||
| 181 | 0 | |a i | |
| 182 | 0 | |a b | |
| 200 | 1 | |a Расчет влияния системы наклонных трещин на сейсмическое поле |d Calculation of influence of inclined-cracks system on the seismic field |f М. М. Немирович-Данченко, А. А. Шатская | |
| 203 | |a Текст |c электронный | ||
| 300 | |a Заглавие с экрана | ||
| 320 | |a [Библиогр.: с. 180 (7 назв.)] | ||
| 330 | |a В работе предложена методика построения модели среды с системой наклонных трещин и проведения расчетов прямых задач сейсморазведки для такой среды. Система плоскопараллельных трещин имеет регулируемые угол наклона и флюидонасыщенность. Приводится пример построения временного разреза для модели с водонасыщенными трещинами. Сравниваются спектры падающего и проходящего сигналов. | ||
| 330 | |a In work the technique of creation of model of the environment with system of inclined cracks and carrying out calculations of direct problems of seismic exploration for such environment is offered. The system of plane-parallel cracks has an adjustable tilt angle and a saturated. The example of creation of a temporary section for model with water-saturated cracks is given. Spectra of incident wave and refracted wave are compared. | ||
| 333 | |a Режим доступа: по договору с организацией-держателем ресурса | ||
| 461 | |t Интерэкспо Гео-Сибирь |f Сибирская государственная геодезическая академия (СГГА) |d 2005- | ||
| 463 | |t Т. 2, № 2 |v [С. 177-180] |d 2014 | ||
| 510 | 1 | |a Calculation of influence of inclined-cracks system on the seismic field |z eng | |
| 610 | 1 | |a электронный ресурс | |
| 610 | 1 | |a труды учёных ТПУ | |
| 610 | 1 | |a трещиноватые среды | |
| 610 | 1 | |a спектральный анализ | |
| 610 | 1 | |a численное моделирование | |
| 700 | 1 | |a Немирович-Данченко |b М. М. |c геофизик |c профессор Томского политехнического университета, доктор физико-математических наук |f 1955- |g Михаил Михайлович |3 (RuTPU)RU\TPU\pers\32023 | |
| 701 | 1 | |a Шатская |b А. А. |c геофизик |c ассистент Томского политехнического университета |f 1990- |g Александра Андреевна |3 (RuTPU)RU\TPU\pers\30414 |9 14756 | |
| 712 | 0 | 2 | |a Национальный исследовательский Томский политехнический университет (ТПУ) |b Институт природных ресурсов (ИПР) |b Кафедра геофизики (ГЕОФ) |3 (RuTPU)RU\TPU\col\18667 |
| 801 | 2 | |a RU |b 63413507 |c 20150212 |g RCR | |
| 856 | 4 | |u http://elibrary.ru/item.asp?id=21701456 | |
| 942 | |c CF | ||